[Event "CHN-ch (Women)"]
[Site "Xinghua"]
[Date "2025.06.29"]
[Round "7"]
[White "Li, Xueyi"]
[Black "Gao, Muziyan"]
[Result "1-0"]
[WhiteElo "2220"]
[BlackElo "2315"]
[PlyCount "109"]
[EventDate "2025.06.23"]
[EventType "swiss"]
[EventRounds "11"]
[EventCountry "CHN"]
[SourceTitle "CB28_2025"]
[SourceDate "2025.07.09"]
[SourceVersion "1"]
[SourceVersionDate "2025.07.09"]
[SourceQuality "1"]

1. d4 Nf6 2. c4 e6 3. Nf3 Bb4+ 4. Bd2 Qe7 5. g3 Bxd2+ 6. Nbxd2 d6 7. Bg2 e5 8. e4 0-0 9. 0-0 a5 10. h3 a4 11. a3 b6 12. Re1 Nbd7 13. Nb1 Bb7 14. Nc3 exd4 15. Nxd4 Nc5 16. Nf5 Qd7 17. Nd5 Bxd5 18. cxd5 Rae8 19. Rb1 Qb5 20. Nd4 Qa5 21. Nc6 Qa8 22. Qc2 Nfd7 23. f4 Nb3 24. Rbd1 f6 25. e5 fxe5 26. fxe5 Nxe5 27. Nxe5 Rxe5 28. Rxe5 dxe5 29. d6 Qc8 30. Qc4+ Kh8 31. Qxc7 Nd4 32. Qxc8 Rxc8 33. Re1 Rd8 34. Rxe5 g6 35. Rd5 Nf5 36. d7 Kg7 37. Rd3 Ne7 38. Bb7 Kf7 39. Ba6 Nc6 40. Bb5 Na7 41. Bxa4 b5 42. Bd1 Ke7 43. Bg4 h5 44. Bf3 Rxd7 45. Rxd7+ Kxd7 46. h4 Ke6 47. b3 Ke5 48. a4 Kd4 49. a5 b4 50. a6 Nb5 51. Bc6 Na7 52. Be8 Kc3 53. Bf7 Nb5 54. Kf2 Kc2 55. Ke3 1-0

[Event "CHN-ch (Women)"]
[Site "Xinghua"]
[Date "2025.06.27"]
[Round "5"]
[White "Ni, Shiqun"]
[Black "Gao, Muziyan"]
[Result "1/2-1/2"]
[WhiteElo "2342"]
[BlackElo "2315"]
[PlyCount "87"]
[EventDate "2025.06.23"]
[EventType "swiss"]
[EventRounds "11"]
[EventCountry "CHN"]
[SourceTitle "CB28_2025"]
[SourceDate "2025.07.09"]
[SourceVersion "1"]
[SourceVersionDate "2025.07.09"]
[SourceQuality "1"]

1. e4 c5 2. Nf3 Nc6 3. Bb5 e5 4. 0-0 Bd6 5. c3 a6 6. Bc4 Nf6 7. d4 cxd4 8. cxd4 exd4 9. e5 Bxe5 10. Nxe5 Nxe5 11. Re1 0-0 12. Rxe5 Qc7 13. Qxd4 d5 14. Nc3 Qxc4 15. Rxd5 Qxd4 16. Rxd4 h6 17. Bf4 Be6 18. Rad1 Rac8 19. f3 Rfe8 20. Kf2 Rc4 21. Rxc4 Bxc4 22. Rd6 Kh7 23. b3 Be6 24. Be5 Nd7 25. Bd4 Rc8 26. Ke3 Kg8 27. Kd2 Nb8 28. Na4 Nd7 29. Nc3 Nb8 30. f4 Nc6 31. Bb6 Ne7 32. Rd8+ Rxd8+ 33. Bxd8 Nc6 34. Bb6 Kf8 35. g3 Ke7 36. Bc5+ Ke8 37. Ne4 Nd8 38. Ke3 f5 39. Nd2 g6 40. Nf3 Nc6 41. Nd4 Nxd4 42. Kxd4 Kf7 43. Ke5 Bd7 44. a4 1/2-1/2

[Event "Dongtai Rebecca Cup op"]
[Site "Dongtai"]
[Date "2025.06.22"]
[Round "9"]
[White "Zhang, Zhi"]
[Black "Gao, Muziyan"]
[Result "1/2-1/2"]
[WhiteElo "2260"]
[BlackElo "2315"]
[PlyCount "252"]
[EventDate "2025.06.17"]
[EventType "swiss"]
[EventRounds "9"]
[EventCountry "CHN"]
[SourceTitle "CB26_2025"]
[SourceDate "2025.06.25"]
[SourceVersion "1"]
[SourceVersionDate "2025.06.25"]
[SourceQuality "1"]

1. d4 Nf6 2. Bf4 d5 3. e3 c5 4. dxc5 Nc6 5. Bb5 Qa5+ 6. Nc3 a6 7. Bxc6+ bxc6 8. Qd4 Bf5 9. Nf3 e6 10. b4 Qa3 11. Ne5 Rc8 12. Kd2 a5 13. Rhb1 axb4 14. Rxb4 Qa5 15. Ra4 Qxc5 16. Qxc5 Bxc5 17. Rb1 0-0 18. g4 Bg6 19. g5 Ne4+ 20. Nxe4 dxe4 21. Rc4 Rfd8+ 22. Kc3 Bf8 23. Nxc6 Re8 24. Be5 Bh5 25. Kd2 h6 26. h4 hxg5 27. hxg5 Kh7 28. Rb8 Ba3 29. Rb7 Kg6 30. Bd4 Kxg5 31. Rb5+ f5 32. Bxg7 Kh4 33. Rb1 Bf3 34. Rg1 Bd6 35. Ne5 Rxc4 36. Bf6+ Kh3 37. Nxc4 Bh2 38. Rg6 Bg4 39. a4 Kg2 40. Rh6 Bb8 41. Bh4 Rc8 42. Na3 Rc6 43. Nb5 Ra6 44. Nd4 Rxa4 45. Rxe6 Ra1 46. Rg6 Be5 47. Kc3 Rh1 48. Bg5 Kxf2 49. Kc4 Rc1 50. c3 Bh5 51. Rb6 Bf7+ 52. Kb4 Bg7 53. Rb5 Bg6 54. Ra5 Kg3 55. Ne2+ Kg4 56. Nxc1 Kxg5 57. Ra2 Bh6 58. Ne2 Kg4 59. Ra6 Bf8+ 60. Kb3 Bf7+ 61. Kc2 Bc4 62. Rg6+ Kf3 63. Nd4+ Kxe3 64. Nxf5+ Ke2 65. Ng3+ Ke3 66. Rf6 Ba3 67. Nh5 Be7 68. Rf5 Bd6 69. Nf6 Ke2 70. Nxe4 Bd3+ 71. Kb3 Bxe4 72. Rf6 Be5 73. Rf8 Bd5+ 74. c4 Bc6 75. Rc8 Bd7 76. Rd8 Bc6 77. Kb4 Ke3 78. Kc5 Be4 79. Kb6 Bd4+ 80. c5 Kd3 81. Kb5 Kc3 82. c6 Bxc6+ 83. Kxc6 Kc4 84. Rg8 Be5 85. Rg4+ Bd4 86. Rh4 Kc3 87. Kd5 Bf6 88. Rc4+ Kd3 89. Rf4 Bg5 90. Rf3+ Be3 91. Rh3 Kd2 92. Ke4 Bc5 93. Rd3+ Kc2 94. Rd8 Kc3 95. Rc8 Kc4 96. Ke5 Kb4 97. Kd5 Be3 98. Rc4+ Kb3 99. Re4 Bf2 100. Rf4 Be1 101. Rf1 Bc3 102. Rb1+ Kc2 103. Rb7 Kd3 104. Rb3 Kd2 105. Kc4 Be5 106. Rh3 Ke2 107. Kd5 Bc7 108. Ke4 Kf2 109. Rf3+ Kg2 110. Ke3 Bb6+ 111. Ke2 Bg1 112. Rf8 Bh2 113. Rg8+ Kh1 114. Kf2 Bd6 115. Rg5 Bc7 116. Rb5 Bd6 117. Rh5+ Bh2 118. Kf3 Kg1 119. Rg5+ Kh1 120. Rb5 Bg1 121. Rg5 Bh2 122. Kf2 Bc7 123. Rh5+ Bh2 124. Rb5 Bg1+ 125. Kf1 Bh2 126. Rg5 Bc7 1/2-1/2

[Event "CHN Nat Games qual (Women) 15th"]
[Site "Huairou District"]
[Date "2025.06.11"]
[Round "1"]
[White "Gao, Muziyan"]
[Black "Zhou, Lanqier"]
[Result "1-0"]
[WhiteElo "2315"]
[BlackElo "1698"]
[PlyCount "52"]
[EventDate "2025.06.11"]
[EventType "swiss (rapid)"]
[EventRounds "9"]
[EventCountry "CHN"]
[SourceTitle "CB25_2025"]
[SourceDate "2025.06.18"]
[SourceVersion "1"]
[SourceVersionDate "2025.06.18"]
[SourceQuality "1"]

1. Nf3 d5 2. g3 Nf6 3. Bg2 e6 4. d4 Be7 5. 0-0 0-0 6. c4 Nbd7 7. Qc2 Re8 8. Rd1 Nf8 9. Nc3 c6 10. e4 dxc4 11. Ne5 Ng6 12. Nxc4 Qc7 13. a4 Bd7 14. h4 Rac8 15. e5 Nd5 16. Ne4 Red8 17. Qe2 f6 18. h5 Nh8 19. h6 f5 20. Ned6 Rb8 21. hxg7 Kxg7 22. Qh5 Be8 23. Qh6+ Kg8 24. Qxe6+ Bf7 25. Qxf5 Rf8 26. Bh6 Rfd8 1-0

[Event "CHN-chT (Women)"]
[Site "Hebei"]
[Date "2025.04.27"]
[Round "3.2"]
[White "Zhang, Xiaowen"]
[Black "Gao, Muziyan"]
[Result "1-0"]
[WhiteElo "2261"]
[BlackElo "2228"]
[PlyCount "155"]
[EventDate "2025.04.25"]
[EventType "team-swiss"]
[EventRounds "9"]
[EventCountry "CHN"]
[SourceTitle "CB20_2025"]
[SourceDate "2025.05.14"]
[SourceVersion "1"]
[SourceVersionDate "2025.05.14"]
[SourceQuality "1"]
[WhiteTeam "Shanghai (W)"]
[BlackTeam "Jiangsu (W)"]
[WhiteTeamCountry "CHN"]
[BlackTeamCountry "CHN"]

1. e4 c5 2. Nc3 Nc6 3. g3 g6 4. Bg2 Bg7 5. d3 d6 6. Be3 Rb8 7. Qd2 b5 8. Nge2 b4 9. Nd1 a5 10. 0-0 Qc7 11. a3 b3 12. c3 Ne5 13. f3 Nf6 14. h3 0-0 15. f4 Nc6 16. c4 Nd7 17. Ndc3 Nd4 18. Bxd4 cxd4 19. Nb5 Qb6 20. a4 f5 21. exf5 gxf5 22. Nc1 Nc5 23. Ra3 e5 24. Nxb3 Nxb3 25. Rxb3 Be6 26. Ra3 e4 27. b3 d5 28. Raa1 Rfe8 29. Rac1 dxc4 30. bxc4 e3 31. Qe2 Bf8 32. Kh1 Bb4 33. Bf3 Bf7 34. Rc2 Re7 35. Rb1 Qc5 36. Qg2 Kh8 37. Rcc1 Rd8 38. Rg1 Rg8 39. Qb2 Rd7 40. Rg2 Rb8 41. Kh2 Rdd8 42. Re2 Bc3 43. Qc2 Bb4 44. Qb2 Be8 45. Rg1 Bxb5 46. axb5 Rb6 47. Bd5 Bc3 48. Qb3 Bb4 49. Rxe3 Rxb5 50. Re5 Rb6 51. Qa4 Qf8 52. Rg2 Bc3 53. Rge2 Rbb8 54. Be6 Qb4 55. Qc6 Qb7 56. Bd5 Qxc6 57. Bxc6 Rb3 58. Rxf5 Bb4 59. Rf7 Rxd3 60. Rxh7+ Kxh7 61. Be4+ Kg7 62. Bxd3 Bc3 63. Kg2 a4 64. Re7+ Kf6 65. Ra7 Re8 66. Ra6+ Kg7 67. Rxa4 Re3 68. Bf1 d3 69. Ra7+ Kf6 70. Rd7 d2 71. Kf2 Re1 72. Be2 Bb4 73. h4 Rh1 74. Kg2 Re1 75. Bf3 Rc1 76. h5 Rc2 77. Kh3 Rxc4 78. Bd5 1-0

[Event "CHN-chT (Women)"]
[Site "Hebei"]
[Date "2025.04.25"]
[Round "1.2"]
[White "Xue, Shixuan"]
[Black "Gao, Muziyan"]
[Result "1/2-1/2"]
[WhiteElo "1873"]
[BlackElo "2228"]
[PlyCount "72"]
[EventDate "2025.04.25"]
[EventType "team-swiss"]
[EventRounds "9"]
[EventCountry "CHN"]
[SourceTitle "CB20_2025"]
[SourceDate "2025.05.14"]
[SourceVersion "1"]
[SourceVersionDate "2025.05.14"]
[SourceQuality "1"]
[WhiteTeam "Beijing (W)"]
[BlackTeam "Jiangsu (W)"]
[WhiteTeamCountry "CHN"]
[BlackTeamCountry "CHN"]

1. c4 c5 2. Nc3 Nf6 3. g3 g6 4. Bg2 Bg7 5. e3 0-0 6. Nge2 Nc6 7. d4 cxd4 8. exd4 d6 9. 0-0 Bf5 10. Qa4 Nd7 11. Qd1 Rc8 12. b3 a6 13. Bg5 h6 14. Be3 e5 15. Qd2 Kh7 16. Rad1 Qa5 17. Ne4 Qxd2 18. Rxd2 Bxe4 19. Bxe4 f5 20. Bxc6 Rxc6 21. dxe5 Nxe5 22. Kg2 Re8 23. Nd4 Rcc8 24. Nf3 Nf7 25. Bf4 Bf8 26. h4 Re4 27. Rfd1 Be7 28. Rd4 g5 29. hxg5 hxg5 30. Be3 Re6 31. Rd5 Kg6 32. Nd4 Re5 33. Nf3 Re4 34. Nd4 Re5 35. Nf3 Re6 36. Nd4 Re5 1/2-1/2

[Event "China zt 3.5 (Women)"]
[Site "Jiangxi"]
[Date "2025.03.28"]
[Round "7"]
[White "Gao, Muziyan"]
[Black "Zhang, Lanlin"]
[Result "0-1"]
[WhiteElo "2228"]
[BlackElo "2194"]
[PlyCount "106"]
[EventDate "2025.03.22"]
[EventType "swiss"]
[EventRounds "9"]
[EventCountry "CHN"]
[SourceTitle "CB14_2025"]
[SourceDate "2024.11.01"]
[SourceVersion "1"]
[SourceVersionDate "2024.11.01"]
[SourceQuality "1"]

1. d4 Nf6 2. c4 e6 3. Nc3 Bb4 4. Qc2 c5 5. dxc5 0-0 6. Nf3 Na6 7. g3 Nxc5 8. Bg2 Nce4 9. 0-0 Bxc3 10. bxc3 Qc7 11. Nd4 d5 12. cxd5 exd5 13. Bf4 Qc4 14. Rfc1 Bd7 15. f3 Nc5 16. Bf1 Ne6 17. e3 Qc5 18. Be5 Ne8 19. Qf2 Nd6 20. Rd1 Nc4 21. Bxc4 Qxc4 22. h4 Nc5 23. Qd2 Rfe8 24. Bd6 Na4 25. Rac1 Rac8 26. Bb4 Qc7 27. Ne2 Bb5 28. Nf4 a5 29. Ba3 Nb6 30. Qf2 Nc4 31. Nxd5 Qe5 32. f4 Qe6 33. Bb2 Bc6 34. f5 Qe5 35. Nf4 Qe4 36. Kh2 Nxe3 37. Qe2 Nxd1 38. Qxe4 Bxe4 39. Rxd1 Bxf5 40. Rd5 Be4 41. Rxa5 Ra8 42. Rb5 Bc6 43. Rb4 Re1 44. g4 Rxa2 45. Nd3 Re4 46. Rb3 Rxg4 47. Kh3 Re4 48. Bc1 h5 49. Bf4 Ra1 50. Rb2 Rh1+ 51. Kg3 Rg1+ 52. Kh3 Rg4 53. Rf2 Bb5 0-1

[Event "China zt 3.5 (Women)"]
[Site "Jiangxi"]
[Date "2025.03.26"]
[Round "5"]
[White "Gao, Muziyan"]
[Black "Li, Xueyi"]
[Result "1-0"]
[WhiteElo "2228"]
[BlackElo "2236"]
[PlyCount "79"]
[EventDate "2025.03.22"]
[EventType "swiss"]
[EventRounds "9"]
[EventCountry "CHN"]
[SourceTitle "CB14_2025"]
[SourceDate "2024.11.01"]
[SourceVersion "1"]
[SourceVersionDate "2024.11.01"]
[SourceQuality "1"]

1. Nf3 d5 2. g3 Nc6 3. d4 Bf5 4. Bg2 e6 5. 0-0 Nf6 6. c4 Be7 7. Nc3 0-0 8. Ne5 dxc4 9. Bxc6 bxc6 10. Nxc6 Qd7 11. Qa4 Nd5 12. Nxe7+ Qxe7 13. Qxc4 Rad8 14. b3 h5 15. Re1 Bg6 16. h4 Qd7 17. Ba3 Rfe8 18. Rad1 c6 19. e4 Nxc3 20. Qxc3 e5 21. d5 cxd5 22. Rxd5 Qg4 23. Qe3 Rc8 24. Bc5 a6 25. b4 Rc6 26. Qe2 Qc8 27. Red1 Kh7 28. Kg2 f6 29. a3 Qb7 30. f3 Qc8 31. Qe3 f5 32. exf5 Qxf5 33. Qg5 Qf7 34. Rd7 Qe6 35. Kg1 Bf7 36. Rb7 Qb3 37. Qf5+ Bg6 38. Qd7 Rg8 39. Qd5 Rxc5 40. Qxb3 1-0

[Event "China zt 3.5 (Women)"]
[Site "Jiangxi"]
[Date "2025.03.23"]
[Round "2"]
[White "Ha, Yihan"]
[Black "Gao, Muziyan"]
[Result "0-1"]
[WhiteElo "2155"]
[BlackElo "2228"]
[PlyCount "146"]
[EventDate "2025.03.22"]
[EventType "swiss"]
[EventRounds "9"]
[EventCountry "CHN"]
[SourceTitle "CB14_2025"]
[SourceDate "2024.11.01"]
[SourceVersion "1"]
[SourceVersionDate "2024.11.01"]
[SourceQuality "1"]

1. d4 Nf6 2. c4 e6 3. Nc3 Bb4 4. Qc2 d5 5. a3 Bxc3+ 6. Qxc3 0-0 7. Nf3 dxc4 8. Qxc4 b6 9. Bg5 Ba6 10. Qa4 h6 11. Bxf6 Qxf6 12. g3 c5 13. Bg2 Bb7 14. 0-0 Bc6 15. Qc4 Bd5 16. Qd3 Rd8 17. dxc5 bxc5 18. Qc2 Nd7 19. e4 Bb7 20. Rfd1 Rac8 21. Rd2 Ne5 22. Nxe5 Qxe5 23. Rad1 Rd4 24. f4 Qd6 25. Rxd4 cxd4 26. Qa4 Qb6 27. Qb4 Qxb4 28. axb4 Rc4 29. b5 Rb4 30. Rd2 Rxb5 31. e5 a5 32. Bxb7 Rxb7 33. Kf2 h5 34. Kf3 Kh7 35. Ke4 Rb4 36. Rc2 Kg6 37. Rg2 f6 38. Rd2 Kf7 39. Rc2 fxe5 40. fxe5 Kg6 41. Rc6 d3+ 42. Kxd3 Kf5 43. Kc3 Rb5 44. Rc7 g6 45. Rc4 Kxe5 46. Ra4 g5 47. Kd3 Rxb2 48. Rxa5+ Kf6 49. h4 Rb3+ 50. Ke4 Rxg3 51. hxg5+ Rxg5 52. Ra8 Rg4+ 53. Kf3 e5 54. Rf8+ Kg5 55. Re8 Rf4+ 56. Ke3 Rf5 57. Ke4 Kg4 58. Rh8 Rg5 59. Ke3 h4 60. Kf2 h3 61. Kg1 e4 62. Kf2 Rh5 63. Rg8+ Kf5 64. Rf8+ Ke6 65. Kg1 h2+ 66. Kh1 Ke5 67. Re8+ Kf4 68. Rf8+ Ke3 69. Re8 Kd3 70. Rd8+ Ke2 71. Re8 e3 72. Re7 Rh3 73. Re6 Ke1 0-1

[Event "China zt 3.5 (Women)"]
[Site "Jiangxi"]
[Date "2025.03.22"]
[Round "1"]
[White "Gao, Muziyan"]
[Black "Wang, Shanshan"]
[Result "1-0"]
[WhiteElo "2228"]
[BlackElo "2004"]
[PlyCount "61"]
[EventDate "2025.03.22"]
[EventType "swiss"]
[EventRounds "9"]
[EventCountry "CHN"]
[SourceTitle "CB14_2025"]
[SourceDate "2024.11.01"]
[SourceVersion "1"]
[SourceVersionDate "2024.11.01"]
[SourceQuality "1"]

1. d4 Nf6 2. c4 e6 3. Nc3 Bb4 4. f3 c5 5. d5 b5 6. e4 d6 7. Bd2 bxc4 8. Bxc4 e5 9. Nge2 0-0 10. 0-0 Nfd7 11. b3 Nb6 12. Bd3 f5 13. f4 Bxc3 14. Bxc3 fxe4 15. Bxe4 Bb7 16. Qd3 Qh4 17. fxe5 N8d7 18. g3 Qh6 19. e6 c4 20. Qd4 Ne5 21. Bd2 Qh5 22. Nf4 Qg4 23. Bb4 g5 24. Bxd6 Rxf4 25. Rxf4 gxf4 26. Bxe5 Rc8 27. Rf1 cxb3 28. axb3 Qe2 29. Bxf4 Nxd5 30. Bxd5 Rd8 31. Bh6 1-0

[Event "Pozarevac Rudar IM 01-A"]
[Site "Pozarevac"]
[Date "2025.01.25"]
[Round "7"]
[White "Osetrov, Dmitrij"]
[Black "Gao, Muziyan"]
[Result "1/2-1/2"]
[WhiteElo "2064"]
[BlackElo "2221"]
[PlyCount "188"]
[EventDate "2025.01.20"]
[EventType "tourn"]
[EventRounds "9"]
[EventCountry "SRB"]
[EventCategory "1"]
[SourceTitle "CB07_2025"]
[SourceDate "2025.02.12"]
[SourceVersion "1"]
[SourceVersionDate "2025.02.12"]
[SourceQuality "1"]

1. d4 Nf6 2. c4 e6 3. g3 Bb4+ 4. Bd2 Qe7 5. Nf3 Bxd2+ 6. Qxd2 d6 7. Bg2 0-0 8. Nc3 e5 9. 0-0 Nc6 10. Rac1 Re8 11. Rfd1 h6 12. dxe5 Nxe5 13. Nd5 Qd8 14. Qc3 Ne4 15. Qa3 Nxf3+ 16. exf3 Nf6 17. Ne3 Bd7 18. c5 dxc5 19. Qxc5 c6 20. f4 Qe7 21. Qxe7 Rxe7 22. b4 Rae8 23. a4 g6 24. Rd2 Kg7 25. Rb2 Ng4 26. Rd2 Bc8 27. b5 Nxe3 28. fxe3 cxb5 29. axb5 Rxe3 30. Rc7 R3e7 31. Rdc2 Bf5 32. Rc1 b6 33. Rxe7 Rxe7 34. Kf2 Bd3 35. Bf1 Bxf1 36. Kxf1 Kf6 37. Kf2 Kf5 38. Kf3 Rd7 39. g4+ Ke6 40. Ke4 Rd2 41. h3 Re2+ 42. Kf3 Rb2 43. Rc7 Rxb5 44. Rxa7 Rb3+ 45. Kg2 b5 46. Ra6+ Ke7 47. Ra7+ Kf6 48. Ra6+ Kg7 49. Rb6 b4 50. Rb7 Rb1 51. Rb6 b3 52. Kh2 b2 53. Kg2 Kf8 54. Rb7 Ke8 55. Rb8+ Kd7 56. Rb7+ Kc6 57. Rb8 Kd5 58. Rb7 Ke4 59. f5 gxf5 60. gxf5 f6 61. Rb5 Kf4 62. Kh2 h5 63. Kg2 Ke4 64. Kh2 Kf3 65. Rb3+ Kf2 66. Rb8 h4 67. Rb3 Ke1 68. Kg2 Kd2 69. Rb8 Ke3 70. Rb3+ Kf4 71. Rb5 Ke4 72. Kh2 Kd3 73. Rb8 Re1 74. Rxb2 Re2+ 75. Rxe2 Kxe2 76. Kg2 Ke3 77. Kg1 Kf3 78. Kf1 Kf4 79. Kf2 Kxf5 80. Kf3 Kg5 81. Ke4 f5+ 82. Ke3 Kg6 83. Kd4 Kf6 84. Kd5 Kf7 85. Ke5 Kg6 86. Kd4 f4 87. Kd3 Kf6 88. Ke4 Kg5 89. Kd3 Kf5 90. Kd4 Kf6 91. Ke4 Kg5 92. Kd3 Kf5 93. Kd4 Kf6 94. Ke4 Kg5 1/2-1/2

[Event "Pozarevac Rudar IM 01-A"]
[Site "Pozarevac"]
[Date "2025.01.20"]
[Round "1"]
[White "Gao, Muziyan"]
[Black "Zhong, Kangmin"]
[Result "1/2-1/2"]
[WhiteElo "2221"]
[BlackElo "2172"]
[PlyCount "72"]
[EventDate "2025.01.20"]
[EventType "tourn"]
[EventRounds "9"]
[EventCountry "SRB"]
[EventCategory "1"]
[SourceTitle "CB07_2025"]
[SourceDate "2025.02.12"]
[SourceVersion "1"]
[SourceVersionDate "2025.02.12"]
[SourceQuality "1"]

1. d4 Nf6 2. c4 e6 3. Nc3 d5 4. cxd5 exd5 5. Bg5 Bb4 6. Qc2 h6 7. Bh4 g5 8. Bg3 Nc6 9. e3 h5 10. Bb5 h4 11. Be5 0-0 12. Bxc6 bxc6 13. a3 Bxc3+ 14. Qxc3 Rb8 15. b4 Rb6 16. h3 Ne4 17. Qc2 f6 18. Bh2 Rf7 19. Ne2 Bf5 20. Qc1 Qc8 21. f3 Nd6 22. 0-0 Bd3 23. Re1 Qa6 24. Nc3 Rb8 25. Qd1 Re8 26. Na4 Bf5 27. Nc5 Qc8 28. e4 dxe4 29. Bxd6 cxd6 30. Nxe4 Qd7 31. d5 Kg7 32. Rc1 cxd5 33. Qxd5 Re5 34. Qd4 Rfe7 35. Rf1 Bxe4 36. fxe4 Qe6 1/2-1/2

[Event "Paracin Prestige op"]
[Site "Paracin"]
[Date "2025.01.19"]
[Round "9"]
[White "Gao, Muziyan"]
[Black "Radisavljevic, Dalibor"]
[Result "1-0"]
[WhiteElo "2187"]
[BlackElo "2248"]
[PlyCount "113"]
[EventDate "2025.01.11"]
[EventType "swiss"]
[EventRounds "9"]
[EventCountry "SRB"]
[SourceTitle "CB05_2025"]
[SourceDate "2025.01.29"]
[SourceVersion "1"]
[SourceVersionDate "2025.01.29"]
[SourceQuality "1"]

1. Nf3 Nf6 2. g3 c5 3. Bg2 g6 4. c4 Bg7 5. d4 cxd4 6. Nxd4 0-0 7. Nc3 Nc6 8. 0-0 Qa5 9. Nc2 d6 10. Bd2 Qh5 11. e4 Qxd1 12. Raxd1 Bg4 13. f3 Be6 14. b3 Rfc8 15. Rfe1 a6 16. Nd5 Nd7 17. Bf1 Kf8 18. Be3 b5 19. cxb5 axb5 20. Bxb5 Nde5 21. Bxc6 Nxf3+ 22. Kf2 Nxe1 23. Ncb4 Rxc6 24. Nxc6 Nc2 25. a4 Nxe3 26. Kxe3 Bd7 27. Ndb4 Rc8 28. Nd4 Rb8 29. Ndc2 f5 30. a5 Bc3 31. Nd5 Bxa5 32. b4 Bd8 33. exf5 gxf5 34. Ra1 Bc6 35. Nc3 Bb6+ 36. Kd3 e6 37. b5 Bb7 38. Nb4 Kf7 39. Ra4 Rc8 40. Nc2 e5 41. Rh4 e4+ 42. Kd2 Kg7 43. Ne2 Re8 44. Ne3 Bc8 45. Nf4 Ba5+ 46. Ke2 Bd7 47. Nh5+ Kf7 48. Nf4 Kg8 49. Kf2 Re5 50. Rh6 Rxb5 51. Rxd6 Rb2+ 52. Kg1 Bc8 53. Nc4 Rb1+ 54. Kg2 Bc7 55. Rc6 Bb7 56. Rxc7 e3+ 57. Kh3 1-0

[Event "Paracin Prestige op"]
[Site "Paracin"]
[Date "2025.01.16"]
[Round "6"]
[White "Phatak, Aanjaneya"]
[Black "Gao, Muziyan"]
[Result "1/2-1/2"]
[WhiteElo "2064"]
[BlackElo "2187"]
[PlyCount "138"]
[EventDate "2025.01.11"]
[EventType "swiss"]
[EventRounds "9"]
[EventCountry "SRB"]
[SourceTitle "CB05_2025"]
[SourceDate "2025.01.29"]
[SourceVersion "1"]
[SourceVersionDate "2025.01.29"]
[SourceQuality "1"]

1. e4 c5 2. Nf3 Nc6 3. Bb5 Nf6 4. Nc3 d6 5. e5 Ng4 6. d4 dxe5 7. d5 a6 8. Ba4 b5 9. h3 Nd4 10. hxg4 bxa4 11. Nxe5 e6 12. Be3 a3 13. Bxd4 cxd4 14. Qxd4 axb2 15. Rb1 Bd6 16. Nc6 e5 17. Qe3 Qc7 18. Ne4 f6 19. g5 Be7 20. gxf6 gxf6 21. Qh6 Bf5 22. f3 Kf7 23. Rxb2 Rhg8 24. 0-0 Rg7 25. Nxe7 Bxe4 26. fxe4 Qxe7 27. d6 Qa7+ 28. Kh2 Kg8 29. Qd2 Rf8 30. Rb3 Kh8 31. Rbf3 Rgf7 32. Qd5 Qd7 33. c4 Qg4 34. c5 Rg7 35. R1f2 Rb8 36. Qd3 f5 37. d7 Rd8 38. Rxf5 Rgxd7 39. Qg3 Qxg3+ 40. Kxg3 Rg8+ 41. Kh2 Re7 42. Kh3 Re6 43. Rh5 Rc8 44. Rf7 h6 45. Kg4 Kg8 46. Ra7 Rxc5 47. Kf5 Rcc6 48. Rh3 Rg6 49. Kxe5 Rg5+ 50. Kd4 Rxg2 51. Rb3 Rg7 52. Rxg7+ Kxg7 53. e5 Kf7 54. Rb7+ Ke6 55. Rh7 Kf5 56. Kd5 Rc2 57. Rf7+ Kg5 58. a4 Rd2+ 59. Kc6 Ra2 60. e6 Rxa4 61. e7 Re4 62. Kd7 h5 63. e8Q Rxe8 64. Kxe8 h4 65. Ke7 h3 66. Ke6 Kg4 67. Ke5 h2 68. Rh7 Kg3 69. Ke4 Kg2 1/2-1/2

[Event "Paracin Prestige op"]
[Site "Paracin"]
[Date "2025.01.15"]
[Round "5"]
[White "Gao, Muziyan"]
[Black "Wang, Hao B"]
[Result "1/2-1/2"]
[WhiteElo "2187"]
[BlackElo "2435"]
[PlyCount "66"]
[EventDate "2025.01.11"]
[EventType "swiss"]
[EventRounds "9"]
[EventCountry "SRB"]
[SourceTitle "CB05_2025"]
[SourceDate "2025.01.29"]
[SourceVersion "1"]
[SourceVersionDate "2025.01.29"]
[SourceQuality "1"]

1. d4 Nf6 2. c4 c6 3. Nf3 d5 4. Qc2 e6 5. e3 Nbd7 6. Nc3 Bd6 7. Bd3 0-0 8. 0-0 Re8 9. e4 dxe4 10. Nxe4 Nxe4 11. Bxe4 h6 12. b3 e5 13. Bb2 exd4 14. Bxd4 Nf6 15. Bf5 Bxf5 16. Qxf5 Qd7 17. Qxd7 Nxd7 18. Rfe1 Nc5 19. Rxe8+ Rxe8 20. Kf1 a5 21. Rd1 g5 22. Bb2 Ne4 23. Nd2 Nxd2+ 24. Rxd2 Bb4 25. Rd1 Kh7 26. a3 Bc5 27. Rd7 Re7 28. Rxe7 Bxe7 29. a4 Kg6 30. g4 Bf6 31. Ba3 Bd4 32. Ke2 h5 33. h3 f5 1/2-1/2

[Event "Paracin Prestige op"]
[Site "Paracin"]
[Date "2025.01.15"]
[Round "4"]
[White "Skuhala, Barbara"]
[Black "Gao, Muziyan"]
[Result "1/2-1/2"]
[WhiteElo "2135"]
[BlackElo "2187"]
[PlyCount "77"]
[EventDate "2025.01.11"]
[EventType "swiss"]
[EventRounds "9"]
[EventCountry "SRB"]
[SourceTitle "CB05_2025"]
[SourceDate "2025.01.29"]
[SourceVersion "1"]
[SourceVersionDate "2025.01.29"]
[SourceQuality "1"]

1. e4 c5 2. Nc3 Nc6 3. g3 g6 4. Bg2 Bg7 5. d3 d6 6. Be3 Rb8 7. Qd2 e6 8. Nge2 b5 9. Nd1 Nd4 10. 0-0 Nxe2+ 11. Qxe2 Ne7 12. Qd2 0-0 13. Bh6 Bb7 14. Bxg7 Kxg7 15. f4 f5 16. Ne3 Qd7 17. h3 Rbe8 18. g4 d5 19. exd5 exd5 20. d4 c4 21. g5 Nc8 22. Rae1 Re6 23. Bf3 Rfe8 24. Ng2 Nd6 25. Re5 Nf7 26. Rxe6 Rxe6 27. Re1 Re7 28. Rxe7 Qxe7 29. Qe1 Kf8 30. Kf2 Qxe1+ 31. Kxe1 Ke7 32. Kd2 Nd8 33. h4 Ne6 34. Ke3 Nc7 35. Ne1 Kd6 36. Be2 Bc6 37. Nf3 Be8 38. Ne5 Ne6 39. Bf3 1/2-1/2

[Event "Paracin Prestige op"]
[Site "Paracin"]
[Date "2025.01.13"]
[Round "2"]
[White "Gao, Muziyan"]
[Black "Gundavaa, Bayarsaihan"]
[Result "1/2-1/2"]
[WhiteElo "2187"]
[BlackElo "2515"]
[PlyCount "83"]
[EventDate "2025.01.11"]
[EventType "swiss"]
[EventRounds "9"]
[EventCountry "SRB"]
[SourceTitle "CB05_2025"]
[SourceDate "2025.01.29"]
[SourceVersion "1"]
[SourceVersionDate "2025.01.29"]
[SourceQuality "1"]

1. d4 Nf6 2. c4 e6 3. Nc3 Bb4 4. Qc2 b6 5. a3 Bxc3+ 6. Qxc3 Bb7 7. Nf3 Ne4 8. Qc2 d6 9. e3 Nd7 10. Bd3 f5 11. 0-0 0-0 12. Ne1 Qh4 13. f3 Ng5 14. Qf2 Qh5 15. Be2 Qg6 16. Qg3 Qf6 17. Bd2 e5 18. dxe5 dxe5 19. Bc3 Qe7 20. Nd3 Rae8 21. Rad1 h6 22. Kh1 a5 23. Rfe1 Kh7 24. b4 a4 25. Nb2 Rf6 26. Bd3 Kh8 27. Bc2 Bc6 28. Nxa4 Ra8 29. b5 Bb7 30. Bb4 Qf7 31. Nc3 f4 32. exf4 Rxf4 33. Ne4 Bxe4 34. Bxe4 Nxe4 35. Rxe4 Rxe4 36. fxe4 Qxc4 37. Qd3 Qxd3 38. Rxd3 Nf6 39. Rc3 Ra7 40. Rc4 Kg8 41. Kg1 Kf7 42. Kf2 1/2-1/2

[Event "TCh-CHN Div A Finals"]
[Site "Shaoxing"]
[Date "2024.12.04"]
[Round "2.1"]
[White "Bai, Xue"]
[Black "Gao, Muziyan"]
[Result "0-1"]
[WhiteElo "2070"]
[BlackElo "2155"]
[PlyCount "52"]
[EventDate "2024.12.02"]
[EventType "team-k.o."]
[EventRounds "4"]
[EventCountry "CHN"]
[SourceTitle "CB50_2024"]
[SourceDate "2024.11.01"]
[SourceVersion "1"]
[SourceVersionDate "2024.11.01"]
[SourceQuality "2"]
[WhiteTeam "Zhejiang"]
[BlackTeam "Jiangshu"]
[WhiteTeamCountry "CHN"]
[BlackTeamCountry "CHN"]

1. e4 c5 2. Nf3 Nc6 3. Nc3 e5 4. Bc4 d6 5. d3 Be7 6. Nd2 Nf6 7. Nf1 Nd7 8. Ne3 Nb6 9. Bb3 0-0 10. 0-0 Bg5 11. Ncd5 Nxd5 12. Nxd5 Bxc1 13. Qxc1 Nd4 14. Qe3 Be6 15. Rac1 f5 16. exf5 Rxf5 17. Nc3 Bxb3 18. axb3 Qh4 19. f3 Rh5 20. h3 Rf8 21. Qe4 Rf4 22. Qd5+ Kh8 23. Ra1 Qg3 24. Rxa7 Rf8 25. Qxb7 Rxh3 26. Ra8 Nxf3+ 0-1